000 00643nam a2200229Ia 4500
005 20260429111926.0
008 260429s9999||||xx |||||||||||||| ||und||
020 _a9789395431293
041 _aEnglish
082 _a333.7
_bSIN
100 _aSingh, Nandita
245 0 _aClimate, forest, biodiversity and desert /
_cNandita Singh
250 _a1st ed.
260 _aNew Delhi :
_bVenus Books, Publishers & Distributors,
_c2023.
300 _aviii, 307 p.; hb
650 _a Biodiversity
650 _a Desert ecology
650 _a Environmental studies
650 _a Forest ecology
650 _aClimate science
942 _cTB
999 _c51461
_d51461